000 00478nam a22001577a 4500
005 20260409112031.0
008 260409b |||||||| |||| 00| 0 eng d
020 _a0-19-572319-8
050 _aPL 8704 .P6 A23 1973
100 _aABDALLA, ABDILATIF
245 _aSAUTI YA DHIKI
260 _aNAIROBI,
_bOXFORD UNIVERSITY PRESS,
_c1973.
300 _axiv, 121 P. ILL
650 _aSWAHILI POETRY- 20TH CENTURY 2. SWAHILI LITERATURE- HISTORY AND CRITICISM
942 _2lcc
_cBK
999 _c216931
_d216931